000 00646cam a22002051 4500
001 44696
090 _a44696
100 _a19931129d1973 k y0pory5003 ba
101 1 _apor
102 _aPT
200 1 _aIntroducão à linguística românica
_fIorgu Iordan
_gtrad. Júlia Dias Ferreira
210 9 _aLisboa
_cFundação Calouste Gulbenkian,
_d1973
215 _a607 p., [1] f.
_d23 cm
304 _aTít. orig.: Einführung in die Geschichte und Methoden der romanischen Sprachwissenschaften
675 _a80
675 _a804
_vmed
_zpor
700 1 _aIordan,
_bIorgu
702 1 _aFerreira,
_bJúlia Dias,
_f1939-
_4730
801 0 _aPT
_bBN
_gRPC
990 _cLIVROS